|
|
|
|
| LEADER |
00000nam0a2200000 4500 |
| 001 |
274042 |
| 005 |
20231101234705.0 |
| 010 |
|
|
|a 9785732510515
|
| 035 |
|
|
|a (RuTPU)RU\TPU\book\297252
|
| 090 |
|
|
|a 274042
|
| 100 |
|
|
|a 20141030d2015 m y0rusy50 ca
|
| 101 |
0 |
|
|a rus
|
| 102 |
|
|
|a RU
|
| 105 |
|
|
|a a j 001zy
|
| 200 |
1 |
|
|a Техника физического эксперимента и метрология
|e учебное пособие для вузов
|f Т. И. Мурашкина
|
| 210 |
|
|
|a Санкт-Петербург
|c Политехника
|d 2015
|
| 215 |
|
|
|a 138 с.
|c ил.
|
| 225 |
1 |
|
|a Учебное пособие для вузов
|
| 320 |
|
|
|a Библиогр.: с. 137-138.
|
| 330 |
|
|
|a Рассматриваются основные разделы теоретической метрологии: теории измерительных процедур и физического эксперимента, теории обработки экспериментальных данных при проведении измерительного эксперимента, теории планирования физического измерительного эксперимента, с которой тесно связаны такие вопросы, как разработка методик выполнения измерительного эксперимента и метрологическое обеспечение физического эксперимента. Учебное пособие подготовлено на кафедре «Приборостроение» и предназначено для студентов, обучающихся по направлениям подготовки «Лазерная техника и лазерные технологии», «Приборостроение», может быть полезно инженерам и научным работникам, занимающимся организацией и проведением измерительного физического эксперимента.
|
| 606 |
1 |
|
|a Физический эксперимент
|2 stltpush
|3 (RuTPU)RU\TPU\subj\63842
|9 80775
|
| 606 |
1 |
|
|a Метрология
|2 stltpush
|3 (RuTPU)RU\TPU\subj\43497
|9 62988
|
| 610 |
1 |
|
|a структурные элементы
|
| 610 |
1 |
|
|a результаты
|
| 610 |
1 |
|
|a качество
|
| 610 |
1 |
|
|a измерительный эксперимент
|
| 610 |
1 |
|
|a обработка
|
| 610 |
1 |
|
|a оценка
|
| 610 |
1 |
|
|a измерительные сигналы
|
| 610 |
1 |
|
|a учебные пособия
|
| 675 |
|
|
|a 53.05(075.8)
|v 3
|
| 675 |
|
|
|a 006(075.8)
|v 3
|
| 700 |
|
1 |
|a Мурашкина
|b Т. И.
|g Татьяна Ивановна
|
| 801 |
|
1 |
|a RU
|b 63413507
|c 20141030
|
| 801 |
|
2 |
|a RU
|b 63413507
|c 20150430
|g RCR
|
| 900 |
|
|
|a Метрология
|
| 900 |
|
|
|a Метрология и методы эксперимента
|
| 942 |
|
|
|c BK
|
| 953 |
|
|
|a 551500
|
| 959 |
|
|
|a 135/20141015
|d 5
|e 180,00
|f ЧЗТЛ:1
|f АНЛ:1
|f УФ:3
|